|
|
|
|
| LEADER |
01372nam a2200313 i 4500 |
| 001 |
7996 |
| 003 |
BD-DhAAL |
| 005 |
20220810162821.0 |
| 008 |
150811s2012 bg b 001 0 eng |
| 999 |
|
|
|c 35192
|d 35192
|
| 010 |
|
|
|a 2013316981
|
| 020 |
|
|
|a 9840750666
|
| 025 |
|
|
|a B-E-2013-316981; 22-92
|
| 037 |
|
|
|b Library of Congress -- New Delhi Overseas Office
|
| 040 |
|
|
|a DLC
|b eng
|e rda
|c DLC
|d DLC
|d BD-DhAAL
|
| 050 |
0 |
0 |
|a JQ635
|b .P45 2012
|
| 082 |
|
|
|a 320.95492
|
| 100 |
1 |
|
|a Firoj, Jalal,
|e author.
|9 5953
|
| 245 |
1 |
0 |
|a Democracy in Bangladesh :
|b conflicting issues and conflict resolution 1991-2001 /
|c Jalal Firoj.
|
| 300 |
|
|
|a xvi, 424 pages ;
|c 22 cm
|
| 504 |
|
|
|a Includes bibliographical references (pages 389-406) and index.
|
| 541 |
|
|
|a Donated By Akbar Ali Khan
|e 7996, 39292
|
| 650 |
|
0 |
|a Democracy
|z Bangladesh.
|9 13620
|
| 651 |
|
0 |
|a Bangladesh
|x Politics and government.
|9 13621
|
| 710 |
2 |
|
|a Bāṃlā Ekāḍemī (Bangladesh)
|9 6802
|
| 852 |
|
|
|a Ayesha Abed Library
|c General Stacks
|
| 942 |
|
|
|2 ddc
|c BK
|
| 952 |
|
|
|0 0
|1 0
|2 ddc
|4 0
|6 320_954920000000000_FIR
|7 0
|9 55176
|a SCL
|b SCL
|c GEN
|d 2015-08-11
|g 196.00
|l 1
|o 320.95492 FIR
|p 3020007996
|r 2023-02-22
|s 2023-02-15
|t 1
|w 2015-08-11
|y BK
|
| 952 |
|
|
|0 0
|1 0
|2 ddc
|4 0
|6 320_954920000000000_FIR
|7 1
|9 71653
|a BRACUL
|b BRACUL
|c AAKC
|d 2022-08-10
|e Donated by Akbar Ali Khan
|l 0
|o 320.95492 FIR
|p 3010039292
|r 2022-08-10
|t 2
|w 2022-08-10
|y BK
|